| 000 | 00499nam a22001457a 4500 | ||
|---|---|---|---|
| 005 | 20120208145630.0 | ||
| 020 |
_a8120325273 _c195.00 |
||
| 035 | _aB-126384 | ||
| 037 |
_aDPL _bENG |
||
| 245 | _aBasics of computer graphics design / | ||
| 260 |
_aNew Delhi _bPrentice-Hall of India _c2004 |
||
| 300 |
_axi, 234p. _c22 cms. |
||
| 942 |
_2ddc _cEN _h005.3 _mBAS |
||
| 999 |
_c62299 _d62299 |
||